Melodie na cestu 70 základních etud pro kytaru /

Hlavní autor: Krajnik, Jan, 1959-2021
Jazyk: Nelze použít, není lingvistický obsah
Vydáno: Jablonec nad Nisou : J. Krajnik, 2008
Vydání: Vyd. 1.
Témata:
Fyzický popis: 40 s. ; 28 cm
Hudebniny Hudebniny
Uloženo v:
LEADER 01119ncm a2200325 a 4500
001 000929922
003 CZ BrMZK
005 20160923090550.0
008 090211s2008 xr stz g | zxx d
024 2 |a 979-0-66051-857-1  |q (brož.) 
040 |a BOA001  |b cze 
041 0 |g cze  |g eng  |g spa 
048 |a tb01 
072 7 |a 787  |x Hudba pro strunné a smyčcové nástroje  |2 Konspekt  |9 9 
080 |a 787.61.083.7  |2 MRF 
080 |a 78.083.7  |2 MRF 
080 |a 78.089.6  |2 MRF 
100 1 |a Krajnik, Jan,  |d 1959-2021  |7 pna2007397687  |4 cmp 
240 1 0 |a Melodie na cestu 
245 1 0 |a Melodie na cestu  |h [hudebnina] :  |b 70 základních etud pro kytaru /  |c Jan Krajnik 
250 |a Vyd. 1. 
260 |a Jablonec nad Nisou :  |b J. Krajnik,  |c 2008 
300 |a 40 s. ;  |c 28 cm 
650 0 7 |a etudy (kytara)  |7 ph315411  |2 czenas 
650 0 7 |a etudy  |7 ph463420  |z Česko  |y 20.-21. stol.  |2 czenas 
655 7 |a partitury pro sólový nástroj  |7 fd201979  |2 czenas 
910 |a BOA001  |b Mus4-1216.626 
990 |a MU 
991 |b 200902  |c NOV 
996 6 |b 2610366737  |c Mus4-1216.626  |l MZK  |r Sklad / do 1 hodiny  |n 1  |w 000929922  |u 000010  |a 1  |e BOA001  |j MZK50  |s P